[Event "Schleswig Holstein-ch U14 VM"]
[Site "Neumuenster"]
[Date "2008.03.26"]
[Round "4"]
[White "Zeller, David"]
[Black "Dietrich, Christoph"]
[Result "0-1"]
[WhiteElo "735"]
[BlackElo "1170"]
[PlyCount "70"]
[EventDate "2008.03.24"]
[EventType "swiss"]
[EventRounds "9"]
[EventCountry "GER"]
[SourceTitle "EXT 2009"]
[Source "ChessBase"]
[SourceDate "2008.11.26"]
[SourceVersion "1"]
[SourceVersionDate "2008.11.26"]
[SourceQuality "1"]

1. d4 Nf6 2. Nc3 c5 3. d5 e6 4. e4 exd5 5. Nxd5 Nc6 6. Bd3 Be7 7. c3 0-0 8. Bf4 d6 9. h3 Nxd5 10. exd5 Ne5 11. Bxe5 dxe5 12. Be4 Qb6 13. b3 Qa5 14. Qd2 Rd8 15. Nf3 Qc7 16. c4 Bd7 17. 0-0 Qc8 18. h4 Bf5 19. Qd3 Bxe4 20. Qxe4 Bf6 21. Ng5 Bxg5 22. hxg5 Re8 23. d6 Qd7 24. Rfd1 b6 25. a4 Rad8 26. Qd5 Re6 27. Re1 Qxd6 28. Qxd6 Rdxd6 29. Rad1 f6 30. gxf6 gxf6 31. Rxd6 Rxd6 32. Ra1 Rd3 33. a5 Rxb3 34. axb6 axb6 35. Ra8+ Kg7 0-1